Statistics for Provinces (Themes) of the Byzantine Empire in 1025 AD with a Map

Click here to take the quiz!

General Stats

  • This quiz has been taken 1,740 times
  • The average score is 15 of 55

Answers on the Map

Answers color-coded by a green-red scale on the quiz's map according to % correct below.
 

Answer Stats

Themes% Correct
Cyprus
89%
Bulgaria
86%
Crete
85%
Serbia
79%
Thrace
78%
Croatia
72%
Macedonia
67%
Naples
62%
Armeniac Theme
52%
Antioch
49%
Dalmatia
48%
Thessalonica
46%
Cappadocia
44%
Calabria
41%
Cilicia
38%
Anatolic Theme
36%
Aegean Sea
34%
Peloponnese
34%
Hellas
27%
Mesopotamia
21%
Amalfi
19%
Cherson
19%
Paphlagonia
18%
Opsician Theme
17%
Samos
15%
Dyrrhachium
14%
Optimatoi
14%
Seleucia
13%
Thracesian Theme
13%
Bucellarian Theme
12%
Chaldia
12%
Lucania
12%
Sebasteia
12%
Cibyrrhaeot Theme
11%
Iberia
11%
Nicopolis
11%
Cephallenia
10%
Dioclea
10%
Strymon
10%
Doliche
9%
Longobardia
9%
Melitene
9%
Charsianon
8%
Koloneia
8%
Lykandos
8%
Syrmium
8%
Vaspurakan
8%
Euphrates Cities
7%
Taron
7%
Derzene
6%
Pagania
6%
Paristrion
6%
Zachlumia
6%
Travunia
5%
Keltzene
4%

Score Distribution

Percentile by Number Answered

Percent of People with Each Score

Your Score History

You have not taken this quiz